| 000 | 00386nam a22001577a 4500 | ||
|---|---|---|---|
| 005 | 20241003103110.0 | ||
| 008 | 241003b sa ||||| |||| 00| 0 eng d | ||
| 020 | _a9780749956073 | ||
| 040 | _c3228 | ||
| 082 | _aEF KREN | ||
| 100 |
_aKRENTZ, Jayne. Ann _975468 |
||
| 245 | _aCanyons of Night | ||
| 260 |
_aLondon _bPiatkus _c2011 |
||
| 300 |
_a355 pages _c19 cm |
||
| 942 |
_2ddc _cBOOK _w190 _xDudu Mondlane _y190 _zDudu Mondlane |
||
| 999 |
_c768381 _d768380 |
||